000
00285nam a22001337a 4500
008
170529b xxu||||| |||| 00| 0 eng d
020
_a
3486398210
041
_a
eng
080
_a
62
100
_a
27
101
_a
IM
245
_a
PULSFREQUENZMODULIERTE
_c
NOGES.E
942
_2
udc
_c
BK
999
_c
14818
_d
14818